Training workshops for supervisors : building the essential skills

Bibliographic Details
Main Authors: Atkinson, Frank (Author), Fathers, Dean (Author)
Format: Book
Language:English
Published: Hamshire : Gower Publishing 1994
Subjects:

MARC

LEADER 00000cam a2200000 7i4500
001 0000001172
005 20240924.0
008 991125 enk eng
020 |a 0566076101 
040 |a INS   |b eng   |e rda 
090 0 0 |a HF5549.12   |b .A85 1994 
100 1 |a Atkinson, Frank ,   |e author 
245 1 0 |a Training workshops for supervisors :   |b building the essential skills   |c Frank Atkinson and Dean Fathers 
264 1 |a Hamshire :   |b Gower Publishing   |c 1994 
300 |a v, 147 pages :   |b illustrations ;   |c 30 cm. 
336 |a text  |2 rdacontent 
337 |a unmediated  |2 rdamedia 
338 |a volume  |2 rdacarrier 
650 0 |a Employee supervision 
650 0 |a Supervisors   |x Training of 
650 0 |a Training 
700 1 |a Fathers, Dean ,   |e author 
999 |a 0000005968   |b BOOK   |c Open Shelf   |e Default branch